• 首页
  • 本馆介绍
  • 公告通知
  • 最新文献
  • 馆藏检索
  • 电子资源
  • 读者导购
  • 参考咨询
  • 我的图书馆
  • 登录
  • 详细信息显示
  • 放入我的书架
  • 预约/预借图书
  • 作者相关作品
  • 分类相关作品
  • 丛书相关作品
  • 出版社相关作品

书目信息

  • 表格格式
  • 工作单格式
  • 卡片格式
题名:
俄罗斯浪漫曲精选
    
 
作者: 张宁 编
分册:  
出版信息: 北京   人民音乐出版社  2003
页数: 176页
开本: 21cm
丛书名: 俄-苏歌曲精选系列
单 册:
中图分类: J652(512)
科图分类:
主题词: 歌曲--俄罗斯--选集 , 歌曲
电子资源:
ISBN: 7-103-02533-9
000 00676oam2 2200241 450
001 002191872
005 20070806180717.79
010    @a7-103-02533-9@dCNY11.00
100    @a20030817d2003 em y0chiy0110 ea
101 0  @achi
102    @aCN@b110000
105    @ag z 000yy
200 1  @a俄罗斯浪漫曲精选@9e luo si lang man qu jing xuan@f张宁编
210    @a北京@c人民音乐出版社@d2003
215    @a176页@d21cm
225 2  @a俄-苏歌曲精选系列@v2
461  0 @12001 @a俄-苏歌曲精选系列@v2
606 0  @a歌曲@y俄罗斯@j选集
606 0  @a歌曲
690    @aJ652(512)@v4
701  0 @a张宁@9zhang ning@f(1937~)@4编
801  0 @aCN@bNLC@c20070806
905    @a10447@dJ652(512)@e439
    
    俄罗斯浪漫曲精选/张宁编.-北京:人民音乐出版社,2003
    176页;21cm.-(俄-苏歌曲精选系列;2)
    
    
    ISBN 7-103-02533-9:CNY11.00
    
●
相关链接 在E读中查询图书 在五车中查询图书 在当当中查询图书 在豆瓣中查询图书


正题名:俄罗斯浪漫曲精选     索取号:J652(512)/439         预约/预借

序号 登录号 条形码 馆藏地/架位号 状态 备注
1 0805077   208050776   第一样本阅览室/ [索取号:J652(512)/439] 在馆    
2 0805078   208050785   第一借阅区/ [索取号:J652(512)/439] 在馆    
3 0805079   208050794   第一借阅区/ [索取号:J652(512)/439] 在馆    
4 0805080   208050801   第一借阅区/ [索取号:J652(512)/439] 在馆    
5 0805081   208050810   密集书库-音乐系/ [索取号:J652(512)/439] 在馆    
唐山师范学院图书馆 欢迎您!
大连网信软件有限公司© 版权所有